Responses for Show #3466 - Monday, October 4, 1999

Contestants

[<< previous game]

Rob Deichert, a law student from Ellington, Connecticut

Heather Snap, a stay-at-home mom from Owasso, Oklahoma

Leslie Quickley, a sous chef from New York City, New York

[next game >>]

Jeopardy! Round responses

STATE NICKNAMES
THINGS I LEARNED AT THE MOVIES
BIBLICAL MULTIPLE CHOICE
COLLEGES & UNIVERSITIES
'80s BESTSELLERS
"V"OCABULARY
    $100 15
Indiana

Rob
    $100 6
Credit card

Leslie
    $100 11
Amos

Heather
    $100 13
Radcliffe

Heather
    $100 23
Carl Sagan

Heather
    $100 1
Vacancy

Leslie
    $200 19
South Dakota

Rob
    $200 7
James Bond

Heather
    $200 12
(L: Who is Lum?)

Abner

LeslieRob
    $200 14
Tulane

Leslie
    $200 24
James Michener

Rob
    $200 2
Variety

Leslie
    $300 20
Alaska

Leslie
    $300 8
Retirement

Heather
    $300 28
Levi

Leslie
    $300 16
Cornell

Rob
    $300 25
(R: What is marriage?)

Motherhood

HeatherRob
    $300 3
Vanity

Rob
    $400 21
(R: What is Ohio?)

Virginia

LeslieRob
    $400 9
Hacking

Leslie
    $400 29
David

Heather
    $400 17
Gallaudet

Rob
    $400 26
Richard Simmons

Triple Stumper
    $400 4
Vassal

Leslie
    $500 22
Maryland

Leslie
    $500 10
One at a time

Heather
    $500 30
(Simon) Peter

Heather
    $500 18
Blue hen

Rob
    $500 27
Gilda Radner

Rob
    $500 5
Vignette

Heather

Scores at the first commercial break (after clue 15):

Leslie Heather Rob
$1,200 $1,700 $600

Scores at the end of the Jeopardy! Round:

Leslie Heather Rob
$2,700 $3,000 $2,000

Double Jeopardy! Round responses

PEOPLE NICKNAMES
OFFICIAL CANADIAN THINGS
(Alex: Including me!)
THEY'RE IN CHARGE
AFTER PYTHON
AFRICAN HISTORY
WORDS WE DON'T USE ENOUGH
(Alex: And there's a reason for that!)
    $200 11
Joe Namath

Rob
    $200 29
Dog

Leslie
    $200 21
Israel

Leslie
    $200 6
John Cleese

Heather
    $200 10
Pyramids

Heather
    $200 1
Spinach

Leslie
    $400 13
P.T. Barnum

Heather
    $400 28
Quebec

Leslie
    $400 20
Mexico

Leslie
    $400 7
Michael Palin

Heather
    $400 12
Kenya

Triple Stumper
    $400 2
Whistle

Leslie
    $600 14
Alphonse

Leslie
    $600 25
Loon

Leslie
    $600 18
(Alex: We need the name of the country.)

Philippines

Triple Stumper
    $1,000 8
Eric Idle

Heather
    $700 15
Morocco

Leslie
    $600 3
Sophia

Leslie
    $800 23
Henry Ford

Leslie
    $800 26
Petrified wood

Triple Stumper
    $800 19
Colombia

Triple Stumper
    $800 9
Terry Gilliam

Leslie
    $800 16
Burundi

Triple Stumper
    $800 4
Lewis Carroll

Heather
    $1000 24
"Bebe"

Leslie
    $1000 27
(L: What is the great gray heron?)
(H: What is the crane?)

Owl

LeslieHeather
Triple Stumper
    $1000 22
Ukraine

Triple Stumper
    $1000 30
Terry Jones

Triple Stumper
    $1000 17
Saint Augustine

Triple Stumper
    $1000 5
Foreign or strange

Rob

Scores at the end of the Double Jeopardy! Round:

Leslie Heather Rob
$8,600 $5,000 $3,200

[wagering suggestions for these scores]

Final Jeopardy! Round responses

THE ANIMAL KINGDOM
(Alex: Heather, not a bad guess - in the staff meeting before this show, we were discussing that & probably thought someone would come up with that response.)
RobWhat the Bee?
$2,300
HeatherWhat is the hummingbird?
$3,601
LeslieWhat is a honey bee?
$1,401
Bee

Final scores:

Leslie Heather Rob
$10,001 $1,399 $5,500
New champion: $10,001 3rd place: a 1-800-GIFT-CERTIFICATE gift certificate 2nd place: a trip to the Imperial Palace Hotel & Casino, Las Vegas, for the millennium

Game dynamics:

Coryat scores:

Leslie Heather Rob
$8,500 $4,600 $3,200
23 R
(including 2 DDs),
2 W
16 R
(including 1 DD),
1 W
11 R,
2 W

Combined Coryat: $16,300

[game clues] [game scores] [suggest correction]

Game tape date: 1999-07-27
The J! Archive is created by fans, for fans. Scraping, republication, monetization, and malicious use prohibited; this site may use cookies and collect identifying information. See terms. The Jeopardy! game show and all elements thereof, including but not limited to copyright and trademark thereto, are the property of Jeopardy Productions, Inc. and are protected under law. This website is not affiliated with, sponsored by, or operated by Jeopardy Productions, Inc. Join the discussion at JBoard.tv.